| 000 | 00375nam a2200157Ia 4500 | ||
|---|---|---|---|
| 008 | 210716s1988 xx 000 0 und d | ||
| 020 | _a9813091045 | ||
| 041 | _aeng | ||
| 082 | _a005.3001 NEIA | ||
| 100 | _aNeibauer, Alan R. | ||
| 245 | _aWordperfect tips and tricks. | ||
| 250 | _a1 | ||
| 260 |
_aUSA _bTech Publications _c1988 |
||
| 300 | _axlvi,657 | ||
| 650 | _aNone | ||
| 999 |
_c182108 _d182108 |
||